Normal view MARC view
  • Roizen M.F. & Oz M.C

Entry Personal Name

Number of records used in: 1

001 - CONTROL NUMBER

  • control field: 190231

003 - CONTROL NUMBER IDENTIFIER

  • control field: OSt

005 - DATE AND TIME OF LATEST TRANSACTION

  • control field: 20230714212854.0

008 - FIXED-LENGTH DATA ELEMENTS

  • fixed length control field: 230714|| aca||aabn | a|a d

040 ## - CATALOGING SOURCE

  • Original cataloging agency: OSt
  • Transcribing agency: OSt

100 ## - HEADING--PERSONAL NAME

  • Personal name: Roizen M.F. & Oz M.C

670 ## - SOURCE DATA FOUND

  • Source citation: Work cat.: (OSt)195383: Roizen M.F. 157045, Owners Manual